Fifa 22 Top 25 LW/LM - Statistics

General Stats
  • This quiz has been taken 189 times
  • The average score is 19 of 25
Answer Stats
Rating Club Nation Player % Correct
89 Tottenham Hotspur South Korea Heung-Min Son
99%
91 PSG Brazil Neymar
99%
89 Liverpool Senegal Sadio Mane
99%
85 Real Madrid Belgium Eden Hazard
96%
82 Borussia Dortmund Belgium Thorgan Hazard
96%
86 Bayern Munich France Kingsley Coman
94%
85 Manchester United England Marcus Rashford
93%
88 Manchester City England Raheem Sterling
92%
82 Chelsea United States Christian Pulisic
87%
84 Manchester City England Jack Grealish
86%
82 Liverpool Portugal Diogo Jota
83%
86 Napoli Italy Lorenzo Insigne
83%
84 Atletico Madrid Belgium Yannick Carrasco
81%
84 Ajax Serbia Dusan Tadic
80%
82 Crystal Palace Ivory Coast Wilfried Zaha
80%
85 Real Sociedad Spain Mikel Oyarzabal
77%
83 Atletico Madrid France Thomas Lemar
71%
84 Eintracht Frankfurt Serbia Filip Kostic
64%
82 AC Milan Croatia Ante Rebic
62%
83 Sevilla FC Argentina Lucas Ocampos
62%
81 Bayer Leverkusen France Moussa Diaby
62%
83 Bergamo Calcio Germany Robin Gosens
60%
81 Orlando City Portugal Nani
53%
81 Valencia CF Portugal Goncalo Guedes
47%
81 Granada CF Venezuela Darwin Machis
22%
No matching quizzes found
Score Distribution
Percent of People with Each Score
Percentile by Number Answered
Your Score History
You have not taken this quiz